| 000 | 00441nam a2200145Ia 4500 | ||
|---|---|---|---|
| 008 | 220214s9999 xx 000 0 und d | ||
| 022 | _a0008-4042 | ||
| 245 | 0 | _aCANADIAN JOURNAL OF CHEMSITRY | |
| 260 |
_bNational Research Council of Canada, Ottawa _aCanada |
||
| 310 | _aM | ||
| 500 | _aEnding Volume & Year: 63, 1985 | ||
| 500 | _aMissing Volume: 58(1119-1200);60(1636-1907) | ||
| 500 | _aStarting Volume & Year: 58, 1980 | ||
| 942 | _cBJ | ||
| 999 |
_c11303 _d11303 |
||